| 000 | 00458nam a2200205Ia 4500 | ||
|---|---|---|---|
| 001 | 11924 | ||
| 003 | GE_BSU | ||
| 008 | 181216s||||||||xx |||||||||||||| ||und|| | ||
| 020 | _a9780340149584 | ||
| 040 | _cGE_BSU | ||
| 080 | _a821.111-32 | ||
| 100 | _aCruz,Nicky. Buckingjam,Jamie. | ||
| 245 | _aRun Baby Run | ||
| 260 | _aLondon | ||
| 260 | _bHodder and Stouchton. | ||
| 260 | _c1993. | ||
| 300 | _a250p;18cm. | ||
| 653 | _aRun Baby Run | ||
| 942 | _cBK | ||
| 999 |
_c45101 _d45101 |
||